000
00241nam a2200097Ia 4500
001
1075565
005
20250827002240.0
008
250824s9999 xx 000 0 und d
245
0
_a
HATIRDA KALANLAR
_c
TAHA KILINÇ
260
_b
KETEBE YAYINLARI
999
_c
1075565
_d
1075565